000 00830nam a2200241Ia 4500
008 130821s1997 sp gr spa
020 _a8420619078
040 _aCo-BoUCM
_bspa
041 0 0 _aspa
100 1 _aAsimov, Isaac
_d1920-1992
_934552
240 _aHistoria Universal. ASIMOV
245 1 3 _aLa formación de Inglaterra
_cIsaac Asimov ; Traductor Néstor Domínguez
260 _aMadrid (España)
_bAlianza
_c1997
300 _a270 páginas
490 _aHumanidades
_v907
504 _aIncluye cronología y rboles genealógicos
651 _aGran Bretaña
_xHistoria
_926626
651 _aGran Bretaña
_xHistoria
_y43-1215
_926626
700 1 _aDomínguez, Nestor.
_etrad.
_9157488
765 _t<The> shaping of England
942 _cLIBRO
_a21
_e1
_mA74F
_2DEWEY
_h941.01
999 _c26982
_d26982